书目信息 |
| 题名: |
油漆工
|
|
| 作者: | 陕西省第八建筑工程公司编写组 , 陕西省建筑工程局《油漆工》编写组 编 | |
| 分册: | ||
| 出版信息: | 北京 中国建筑工业出版社 1973 |
|
| 页数: | 98页 | |
| 开本: | 19cm | |
| 丛书名: | 建筑人工技术学习丛书 | |
| 单 册: | ||
| 中图分类: | TQ63 | |
| 科图分类: | ||
| 主题词: | 涂料--化学工业 , 涂料 | |
| 电子资源: | ||
| ISBN: | ||
| 000 | 00918nam2 2200289 45 | |
| 001 | 0182006661 | |
| 005 | 20040518105552.0 | |
| 010 | @dCNY0.22 | |
| 091 | @a15040.3114 | |
| 100 | @a19950518d1973 em y0chiy0121 ea | |
| 101 | 0 | @achi |
| 102 | @aCN@b110000 | |
| 105 | @ay z 000yy | |
| 106 | @ar | |
| 200 | 10 | @a油漆工@Ayou qi gong@f陕西省建筑工程局《油漆工》编写组编@FShan Xi Sheng Jian Zhu Gong Cheng Ju《You Qi Gong》Bian Xie Zu Bian |
| 210 | @a北京@c中国建筑工业出版社@d1973 | |
| 215 | @a98页@d19cm | |
| 225 | 2 | @a建筑人工技术学习丛书 |
| 410 | 0 | @120010@a建筑工人技术学习丛书 |
| 606 | 0 | @a涂料@x化学工业 |
| 606 | 0 | @a涂料 |
| 690 | @aTQ63 | |
| 701 | 0 | @a陕西省第八建筑工程公司编写组@Ashan xi sheng di ba jian zhu gong cheng gong si bian xie zu@4编 |
| 701 | 0 | @a陕西省建筑工程局《油漆工》编写组@4编 |
| 801 | 0 | @aCN@b上海图书馆@c20040518 |
| 801 | 2 | @aCN@bNLC@c20040518 |
| 905 | @f1@b17388@dTQ63@e2 | |
| 油漆工/陕西省建筑工程局《油漆工》编写组编.-北京:中国建筑工业出版社,1973 |
| 98页;19cm.-(建筑人工技术学习丛书) |
| ISBN :CNY0.22 |
| ● |
| 相关链接 |
|
|
|
|
正题名:油漆工
索取号:TQ63/2
 
预约/预借
| 序号 | 登录号 | 条形码 | 馆藏地/架位号 | 状态 | 备注 |
| 1 | 0015868 | 001480114 | 第二样本阅览室/ [索取号:TQ63/2] | 在馆 | |
| 2 | 0017388 | 001480105 | 第三借阅区/ [索取号:TQ63/2] | 在馆 |